| 000 | 00863nam0a2200265 4500 | ||
|---|---|---|---|
| 001 | RU\NLR\bibl\953581 | ||
| 005 | 20250614201935.0 | ||
| 035 | _a(NLR Aleph) 000941668 | ||
| 090 |
_a223766 _c223766 |
||
| 100 | _a20060525d2005 |||y0rusy50 ca | ||
| 101 | 0 | _arus | |
| 102 | _aRU | ||
| 105 | _ay ||||||||| | ||
| 200 | 1 |
_aНастоящий волшебник _e[сборник] _fНаталия Исупова |
|
| 210 |
_aСанкт-Петербург _cТЦ "Борей-Арт" _d2005 |
||
| 215 |
_a130, [1] c. _d20 |
||
| 327 | 1 | _aСодерж.: Настоящий волшебник; Настоящий король | |
| 686 | _aШ6(2=Р)75-440.6 | ||
| 700 | 1 |
_aИсупова _bН. _gНаталия _4070 |
|
| 801 | 0 |
_aRU _bNLR _c20060525 _grcr |
|
| 801 | 1 |
_aRU _bNLR _c20060525 |
|
| 942 | _cBOOK | ||
| 980 | _aNB | ||